Politik und praktische Philosophie: eine Studie zur Rekonsruction der politischen Wissenschaft

Salvato in:
Dettagli Bibliografici
Autore principale: Hennis, Wilhelm (Autore)
Natura: Libro
Lingua:tedesco
Pubblicazione: Berlín Hermann Luchterhand 1963
Soggetti:
Tags: Aggiungi Tag
Nessun Tag, puoi essere il primo ad aggiungerne!!

MARC

LEADER 00000nam a2200000 a 4500
001 UCO7642
003 CL-VaPUC
008 001117e19630000GW |||||||||||||||||ger|d
082 0 4 |a 320.01  |b HEN  |2 21 
100 |a Hennis, Wilhelm  |e author  |9 520178 
245 1 0 |a Politik und praktische Philosophie: eine Studie zur Rekonsruction der politischen Wissenschaft 
300 |a 131 p 
942 |c BK 
945 |d 20001117 00:00:00  |a crobeson 
260 |a Berlín  |b Hermann Luchterhand  |c 1963 
650 0 |a Ciencias Políticas  |9 255201 
650 7 |a TEORIA POLITICA  |2 CL-VaPUC  |9 452255 
650 7 |a FILOSOFIA POLITICA  |2 CL-VaPUC  |9 452256 
583 |a last modification  |c 20001117 00:00:00  |k Rodrigo Vera 
999 |c 292528  |d 292526 
952 |0 0  |1 0  |4 0  |6 320_010000000000000_HEN_1963  |7 0  |8 A  |9 343449  |a BIBHIS  |b BIBHIS  |d 2019-11-20  |i 1229214  |o 320.01 HEN 1963  |p 1229214  |r 2025-01-20  |w 2019-11-20  |y BK  |k HIS